पर्यटन एवं यात्रा के सिद्धान्त / (Record no. 111259)

MARC details
000 -LEADER
fixed length control field 01256nam a22002897a 4500
005 - DATE AND TIME OF LATEST TRANSACTION
control field 20170124102921.0
010 ## - LIBRARY OF CONGRESS CONTROL NUMBER
LC control number B-232374
020 ## - INTERNATIONAL STANDARD BOOK NUMBER
Terms of availability 450.00
International Standard Book Number 817965129
035 ## - SYSTEM CONTROL NUMBER
System control number B-232374
037 ## - SOURCE OF ACQUISITION
Source of stock number/acquisition Cen Lib/Ret
040 ## - CATALOGING SOURCE
Original cataloging agency DPL
Language of cataloging HN
082 ## - DEWEY DECIMAL CLASSIFICATION NUMBER
Classification number 338.4791
100 ## - MAIN ENTRY--PERSONAL NAME
Personal name नेगी,जगमोहन
245 ## - TITLE STATEMENT
Title पर्यटन एवं यात्रा के सिद्धान्त /
Statement of responsibility, etc जगमोहन नेगी ; संपादित गौरव मनोहर
246 ## - VARYING FORM OF TITLE
Title proper/short title paryatan avam yatra ke sidhant /
Remainder of title by Jagmohan Negi; edited by Gaurav Manohar
250 ## - EDITION STATEMENT
Edition statement चतुर्थ संस्करण
260 ## - PUBLICATION, DISTRIBUTION, ETC. (IMPRINT)
Place of publication, distribution, etc नई दिल्ली
Name of publisher, distributor, etc तक्षशिला प्रकाशन
Date of publication, distribution, etc 2007
270 ## - ADDRESS
Address 98-ए, हिन्दी पार्क,दरियागंज
City नई दिल्ली
Postal code 110002
300 ## - PHYSICAL DESCRIPTION
Extent 320पृ. :
Dimensions 20सेमी (सजिल्द)
500 ## - GENERAL NOTE
General note ग्रन्थसूची संदर्भ भी शामिल
650 ## - SUBJECT ADDED ENTRY--TOPICAL TERM
Topical term or geographic name as entry element पर्यटन
650 ## - SUBJECT ADDED ENTRY--TOPICAL TERM
Topical term or geographic name as entry element होटल प्रबंधन
650 ## - SUBJECT ADDED ENTRY--TOPICAL TERM
Topical term or geographic name as entry element Touarism
650 ## - SUBJECT ADDED ENTRY--TOPICAL TERM
Topical term or geographic name as entry element Hotel management
700 ## - ADDED ENTRY--PERSONAL NAME
Dates associated with a name मनोहर, गौरव
942 ## - ADDED ENTRY ELEMENTS (KOHA)
Source of classification or shelving scheme Dewey Decimal Classification
Koha item type Hindi Books
Classification part HN-232374
Call number suffix नेगीज
Holdings
Withdrawn status Lost status Damaged status Not for loan Collection code Home library Current library Date acquired Source of acquisition Cost, normal purchase price Total Checkouts Full call number Barcode Date last seen Copy number Cost, replacement price Price effective from Koha item type
      Not For Loan Reference Central Library Central Library 23/05/2015 Cen Lib/Ret 450.00   338.4791 नेगीज B-232374 23/05/2015 1 450.00 15/09/2016 Hindi Books

© Delhi Public Library
Hit Counter
free hit counter